Terminus des lignes du réseau DK'BUS - Statistiques

Statistiques générales
  • Ce quiz a été pris 39 fois
  • Le résultat moyen est 25 sur 40
Statistiques - réponses
Ligne Terminus % Correct
C5 Dunkerque Maraîchers
91%
C1 Grande Synthe Puythouck
91%
C2 Grande Synthe Puythouck
91%
C4 Grande Synthe Puythouck
91%
15 Grande Synthe Puythouck
91%
17 Grande Synthe Puythouck
91%
18 Grande Synthe Puythouck
91%
19 Grande Synthe Puythouck
91%
23 Grande Synthe Puythouck
91%
N1 Grande Synthe Puythouck
91%
C1 Leffrinckoucke Fort des Dunes
91%
C2 Leffrinckoucke Fort des Dunes
91%
20 Leffrinckoucke Fort des Dunes
91%
21 Leffrinckoucke Fort des Dunes
91%
24 Leffrinckoucke Fort des Dunes
91%
N2 Leffrinckoucke Fort des Dunes
91%
15 Dunkerque Gare
73%
17 Dunkerque Gare
73%
19 Dunkerque Gare
73%
C3 Leffrinckoucke Plage
73%
C4 Dunkerque Malo Plage
64%
C4A Gravelines Islandais
64%
23 Gravelines Islandais
64%
C5 Dunkerque Fort de Petite Synthe
55%
C6 Téteghem Cimetière
45%
20 Adinkerque Gare
36%
C6 Cappelle La Grande Croizat
36%
N2 Cappelle La Grande Croizat
36%
C3 Coudekerque Branche Impressionnistes
36%
C6 Téteghem Vandermeersch
36%
N1 Téteghem Vandermeersch
36%
18 Coudekerque Branche 7 Planètes
27%
C3 Coudekerque Branche Steendam
27%
18 Coudekerque Village Bois des Forts
27%
24 Coudekerque Village Bois des Forts
27%
21 Ghyvelde Lac des Hérons
27%
21R Les Moëres
27%
26 Grand Fort Philippe Flaque aux Espagnols
18%
26 Petit Fort Philippe Edmond Rostand
18%
16 Dunkerque Halle aux Sucres
9%
Aucun quiz correspondant
Distribution des résultats
% des personnes avec chaque résultat
Percentile par nombre de réponses
Votre historique - résultats
Vous n’avez pas pris ce quiz